Central Library OPAC University of Rajshahi

Surgeon, U.S.A. / (Record no. 76818)

MARC details
000 -LEADER
fixed length control field 00743nam a2200253 a 4500
001 - CONTROL NUMBER
control field 76818
003 - CONTROL NUMBER IDENTIFIER
rucl marc code BD-RjUL
005 - DATE AND TIME OF LATEST TRANSACTION
control field 20211209082907.0
008 - FIXED-LENGTH DATA ELEMENTS--GENERAL INFORMATION
fixed length control field 740516s1966 nyu 000 1 eng
035 ## - SYSTEM CONTROL NUMBER
System control number (BD-RjUL)77042
System control number (OCoLC)888918
040 ## - CATALOGING SOURCE
Original cataloging agency DLC
Transcribing agency OClCo
Modifying agency OCoLC
-- CSto
-- DLC
-- BD-RjUL
Language of cataloging eng
041 ## - LANGUAGE CODE
Language code of text/sound track or separate title eng
082 ## - DEWEY DECIMAL CLASSIFICATION NUMBER
Edition number 23
Classification number 813.5
Author mark and year SLS 1966
100 1# - MAIN ENTRY--PERSONAL NAME
Personal name Slaughter, Frank G.
Fuller form of name (Frank Gill),
Dates associated with a name 1908-2001.
9 (RLIN) 58510
245 10 - TITLE STATEMENT
Title Surgeon, U.S.A. /
Statement of responsibility, etc. [by] Frank G. Slaughter.
250 ## - EDITION STATEMENT
Edition statement 1st ed.
260 ## - PUBLICATION, DISTRIBUTION, ETC. (IMPRINT)
Place of publication, distribution, etc. Garden City, N.Y. :
Name of publisher, distributor, etc. Doubleday,
Date of publication, distribution, etc. 1966.
300 ## - PHYSICAL DESCRIPTION
Pagination 402 p.:
Size 22 cm.
650 #0 - SUBJECT ADDED ENTRY--TOPICAL TERM
Topical term or geographic name as entry element World War, 1939-1945
General subdivision Fiction.
9 (RLIN) 238076
942 ## - ADDED ENTRY ELEMENTS (KOHA)
Source of classification or shelving scheme Dewey Decimal Classification
Koha item type Books
Holdings
Lost status Source of classification or shelving scheme Damaged status Not for loan Collection code Permanent Location Current Location Shelving location Date acquired Source of acquisition Total Checkouts Full call number Date last seen Copy number Koha item type
  Dewey Decimal Classification   Not For Loan Fiction Central Library, University of Rajshahi Central Library, University of Rajshahi Reading Room 17/06/1967 U.S.A.   813.5 SLS 1966 22/01/2020 C-1 Books